000 00526nam a2200169 4500
001 127856
003 ES-MaACL
005 20230906193113.0
007 t|
008 070214s1945 sp r ||||1| spa d
100 1 _aRivera, Abelardo.
_997605
245 1 0 _aGeografía de España /
_cAbelardo Rivera.
260 _aMadrid :
_bJunta de Profesores de la Academia de Soto Hidalgo,
_c1945.
300 _a610 p., 32 lám. ;
_c24 cm.
710 2 _aAcademia Soto Hidalgo.
_bJunta de Profesores.
_91221
852 _aES-MaACL
_jC-4652
999 _c127856
_d127856